India's maritime heritage / (Record no. 136930)

MARC details
000 -LEADER
fixed length control field 00736nam a22002537a 4500
003 - CONTROL NUMBER IDENTIFIER
control field 0
005 - DATE AND TIME OF LATEST TRANSACTION
control field 20180717180907.0
008 - FIXED-LENGTH DATA ELEMENTS--GENERAL INFORMATION
fixed length control field 0
010 ## - LIBRARY OF CONGRESS CONTROL NUMBER
LC control number B-094735
020 ## - INTERNATIONAL STANDARD BOOK NUMBER
International Standard Book Number 8123909373
035 ## - SYSTEM CONTROL NUMBER
System control number B-094735, B-094736
037 ## - SOURCE OF ACQUISITION
Source of stock number/acquisition Cen Lib / Ret
040 ## - CATALOGING SOURCE
Original cataloging agency DPL
Language of cataloging En
Transcribing agency 0
082 ## - DEWEY DECIMAL CLASSIFICATION NUMBER
Classification number 387.2
Item number SRI
100 ## - MAIN ENTRY--PERSONAL NAME
Personal name Sridharan, K
245 ## - TITLE STATEMENT
Title India's maritime heritage /
Statement of responsibility, etc by K Sridharan
260 ## - PUBLICATION, DISTRIBUTION, ETC. (IMPRINT)
Place of publication, distribution, etc New Delhi
Name of publisher, distributor, etc CBS Publishers & Distributors
Date of publication, distribution, etc 2003
270 ## - ADDRESS
Address G-001, Farah Residnecy 234 Defence Cology
City New Delhi
300 ## - PHYSICAL DESCRIPTION
Extent 99p ;
Other physical details 27cm(Hb)
650 ## - SUBJECT ADDED ENTRY--TOPICAL TERM
Topical term or geographic name as entry element Navigation -- India -- History.
650 ## - SUBJECT ADDED ENTRY--TOPICAL TERM
Topical term or geographic name as entry element India -- History, Naval.
650 ## - SUBJECT ADDED ENTRY--TOPICAL TERM
Topical term or geographic name as entry element Shipping -- India -- History.
942 ## - ADDED ENTRY ELEMENTS (KOHA)
Source of classification or shelving scheme Dewey Decimal Classification
Koha item type English Books
Classification part 387.2
Call number suffix SRI
Holdings
Withdrawn status Lost status Source of classification or shelving scheme Damaged status Not for loan Home library Current library Date acquired Source of acquisition Total Checkouts Full call number Barcode Date last seen Copy number Price effective from Koha item type Collection code Cost, normal purchase price Cost, replacement price
    Dewey Decimal Classification     Central Library Central Library 12/03/2016 Cen Lib/Ret   387.2 SRI B-094735 12/03/2016 1 12/03/2016 English Books      
    Dewey Decimal Classification     Patel Nagar Patel Nagar 17/07/2018 BPPD/Pub   387.2 SRI B-094736 17/07/2018   17/07/2018 English Books Non-fiction 0.00 0.00

© Delhi Public Library
Hit Counter
free hit counter